000 04506nam2a22003611 4500
001 RU\NLR\A1\12470
005 20260608064424.0
035 _a(NLR Aleph) 009674923
090 _a13474596
_c13474596
100 _a19970910d1792 m y0rusy50 ca
101 0 _arus
102 _aRU
140 _ay y ebyaa0000
200 0 _aТ.1
215 _a[6], 397, [1] с.
316 _aЭкз. РНБ (19.129.6.1(т.1)) в цельнокож. коричневом пер. с разводами. Корешок гладкий, с золотым тиснением по черному фону и с красной кож. наклейкой с загл.: "Похождения Жилблаза", ниже вытиснено указание тома: "1". На нижней крышке пер. экслибрис рус. фонда ГПБ с шифром. На верхней крышке пер. золотого тиснения буквы: "Д.Е." Обрез тонир. желтый. На форзаце ярлык с шифром РНБ
_5NLR: 19.129.6.1(т.1)
316 _aЭкз. РНБ (137/720(т.1)) в цельнокож. коричневом пер. с разводами. Корешок гладкий, с золотым тиснением и двумя кож. наклейками, на бежевой наклейке загл.: "Похождения Жилблаза де Сантилланы", на черной указание тома: "1". На нижней крышке пер. вытиснен двуглавый орел со скипетром и державой и год: 1797, на верхней крышке тиснен. надпись: "За прилежание и успехи". На нижней крышке пер. экслибрис рус. фонда ГПБ с шифром. Обрез тонир. желтый. На форзаце ярлык с шифром РНБ. На тит. л. круглый штамп ГПБ: "Дублет". На с.33 круглый штамп ГПБ
_5NLR: 137/720(т.1)
316 _aЭкз. РНБ (РЗФ 18 в. 1/492 (т.1)) в цельнокож. коричневом пер. с разводами. На крышках пер. орнамент. рамки золотого тиснения. Корешок гладкий, с золотым тиснением и двумя черными кож. наклейками, на верхней загл.: "Похождения Жилблаза", на нижней указание тома: "1". На нижней крышке пер. экслибрис РЗФ ГПБ с шифром. Обрез тонир. синий. На тит. л. круглый штамп ГПБ: "Дублет"
_5NLR: РЗФ 18 в. 1/492 (т.1)
317 _aВ экз. РНБ (137/720(т.1)) на форзаце надпись: "Дана сия книга Александру Красовскому за прилежание и успехи 1797 года декабря 13 дня" и на нахзаце шрифт. ярлык: «Антикварная книжная торговля В.И.Клочкова»
_5NLR: 137/720(т.1)
317 _aВ экз. РНБ (РЗФ 18 в. 1/492 (т.1)) на тит. л. надписи: "Александра Страхова" (зачеркнута) и "А.Панаев"
_5NLR: РЗФ 18 в. 1/492 (т.1)
461 1 _1001RU\NLR\A1\12469
_12001#$aПохождения Жилблаза де Сантилланы,$fописанныя г. Ле Сажем,$gа переведенныя Васильем Тепловым.$vТ.1
_1700#1$aЛесаж$bА.-Р.$f1668-1747$gАлен-Рене$3RU\NLR\auth\7787701
_99678334
_aЛесаж, А.-Р. (1668-1747)
_cВ Санктпетербурге
_d1792
_fописанныя г. Ле Сажем,
_nпри Императорской Академии наук
_tПохождения Жилблаза де Сантилланы,
_vТ.1
702 1 _4160
_7ca
_8rus
_aКлочков
_bВ. И.
_fок.1861-1915
_gВасилий Иванович
_3RU\NLR\AUTH\770172651
_9172600
702 1 _aКрасовский
_bА.
_gАлександр
_5NLR: 137/720(т.1)
_4390
702 1 _aПанаев
_bА.
_5NLR: РЗФ 18 в. 1/492(т.1)
_4390
702 1 _aСтрахов
_bА.
_gАлександр
_5NLR: РЗФ 18 в. 1/492(т.1)
_4390
801 0 _aRU
_bNLR
_c19970910
852 _aNLR
_j19.129.6.1(т.1)
852 _aNLR
_j137/720(т.1)
852 _aNLR
_bРЗФ
_j18 в. 1/492 (т.1)
942 _cBOOK
980 _aA1XVIIIv
980 _aNB